• 首页
  • 本馆介绍
  • 公告通知
  • 最新文献
  • 馆藏检索
  • 电子资源
  • 读者导购
  • 参考咨询
  • 我的图书馆
  • 登录
  • 详细信息显示
  • 放入我的书架
  • 预约/预借图书
  • 作者相关作品
  • 分类相关作品
  • 丛书相关作品
  • 出版社相关作品

书目信息

  • 表格格式
  • 工作单格式
  • 卡片格式
题名:
汽车制造与装配技术
    
 
作者: 任成高 , 王宏峰 , 何忆斌 编著
分册:  
出版信息: 长沙   湖南大学出版社  2017.10
页数: 387页
开本: 26cm
丛书名: 高等职业院校学生专业技能抽查标准与题库丛书
单 册:
中图分类: U466 , U463 , U463
科图分类:
主题词: 汽车--车辆制造--高等职业教育--教学参考资料 , 汽车--装配(机械)--高等职业教育--教学参考资料
电子资源:
ISBN: 978-7-5667-1181-6
000 01204oam2 2200301 450
001 1006
005 20180927133111.30
010    @a978-7-5667-1181-6@dCNY68.00
100    @a20180217d2017 em y0chiy50 ea
101 0  @achi
102    @aCN@b430000
105    @aa z 000yy
200 1  @a汽车制造与装配技术@9qi che zhi zao yu zhuang pei ji shu@f任成高,王宏峰,何忆斌等编著
210    @a长沙@c湖南大学出版社@d2017.10
215    @a387页@c图@d26cm
225 1  @a高等职业院校学生专业技能抽查标准与题库丛书
330    @a本书内容分为汽车制造与装配技术专业技能抽查标准和技能抽查题库两部分。技能抽查题库又包括汽车零件检验、焊接加工、装配钳工、汽车机械部件装配与调整、汽车电气安装与检测、汽车性能检测与调试等六个模块,共236套试题。
461  0 @12001 @a高等职业院校学生专业技能抽查标准与题库丛书
606 0  @a汽车@x车辆制造@x高等职业教育@j教学参考资料
606 0  @a汽车@x装配(机械)@x高等职业教育@j教学参考资料
690    @aU466@v5
690    @aU463@v5
690    @aU463@v4
701  0 @a任成高@9ren cheng gao@c(女,@f1966.5~)@4编著
701  0 @a王宏峰@9wang hong feng@f(1963~)@4编著
701  0 @a何忆斌@9he yi bin@f(1966~)@4编著
801  0 @aCN@b91MARC@c20180217
905    @aMuseLib@dU463@e703
    
    汽车制造与装配技术/任成高,王宏峰,何忆斌等编著.-长沙:湖南大学出版社,2017.10
    387页:图;26cm.-(高等职业院校学生专业技能抽查标准与题库丛书)
    
    
    ISBN 978-7-5667-1181-6:CNY68.00
    本书内容分为汽车制造与装配技术专业技能抽查标准和技能抽查题库两部分。技能抽查题库又包括汽车零件检验、焊接加工、装配钳工、汽车机械部件装配与调整、汽车电气安装与检测、汽车性能检测与调试等六个模块,共236套试题。
●
相关链接 在E读中查询图书 在五车中查询图书 在当当中查询图书 在豆瓣中查询图书


正题名:汽车制造与装配技术     索取号:U463/703         预约/预借

序号 登录号 条形码 馆藏地/架位号 状态 备注
1 1120714   211207148   第二样本阅览室/ [索取号:U463/703] 在馆    
2 1120715   211207157   第三借阅区/ [索取号:U463/703] 在馆    
3 1120716   211207166   第三借阅区/ [索取号:U463/703] 在馆    
4 1120717   211207175   第三借阅区/ [索取号:U463/703] 在馆    
5 1120718   211207184   密集书库-物理学院/ [索取号:U463/703] 在馆    
唐山师范学院图书馆 欢迎您!
大连网信软件有限公司© 版权所有